| Tag |
First Indicator |
Second Indicator |
Subfields |
| LEADER |
00000cam a2200000 a 4500 |
| 001 |
in00000079649 |
| 005 |
20160413150135.0 |
| 008 |
800604s1980 ilu b 00110 engm |
| 010 |
|
|
|a 79007435
|
| 020 |
|
|
|a 052868115X
|
| 035 |
|
|
|a (OCoLC)06447356
|
| 035 |
|
|
|9 AAH9177AM
|
| 040 |
|
|
|a DLC
|c DLC
|d m.c.
|d TXA
|d UtOrBLW
|
| 049 |
|
|
|a TXAM
|c [1422034]
|
| 050 |
0 |
0 |
|a HM48
|b .C62 1980
|
| 082 |
0 |
|
|a 301/.07/2
|
| 100 |
1 |
|
|a Cole, Stephen,
|d 1941-
|
| 245 |
1 |
4 |
|a The sociological method :
|b an introduction to the science of sociology /
|c Stephen Cole.
|
| 250 |
|
|
|a 3rd ed.
|
| 264 |
|
1 |
|a Chicago :
|b Rand McNally Pub. Co.,
|c [1980]
|
| 264 |
|
4 |
|c ©1980
|
| 300 |
|
|
|a xi, 148 pages ;
|c 22 cm.
|
| 336 |
|
|
|a text
|b txt
|2 rdacontent
|
| 337 |
|
|
|a unmediated
|b n
|2 rdamedia
|
| 338 |
|
|
|a volume
|b nc
|2 rdacarrier
|
| 504 |
|
|
|a Includes bibliographical references and index.
|
| 650 |
|
0 |
|a Sociology
|x Research.
|
| 999 |
|
|
|a MARS
|
| 999 |
f |
f |
|s 5168245e-70c7-3768-8d6e-4182d32e38bf
|i 52eea38e-fa31-39e9-a4f1-7c5e377e6b4e
|t 0
|
| 952 |
f |
f |
|p ric
|a Texas A&M University
|b Rellis Campus
|c Joint Library Facility
|d Remote Storage
|t 0
|e HM48 .C62 1980
|h Library of Congress classification
|i unmediated -- volume
|m A14806138882
|
| 998 |
f |
f |
|a HM48 .C62 1980
|t 0
|l Remote Storage
|